00133nam a22000737a 4500100001000000245002500010260001600035300000800051 aDhama aPrenapunj Kiran Badi bGayanvigyan a158